| 000 | 01433cam a2200349 a 4500 | ||
|---|---|---|---|
| 001 | EDZ0000084964 | ||
| 003 | StDuBDS | ||
| 005 | 20161031105201.0 | ||
| 006 | m||||||||d|||||||| | ||
| 007 | cr ||||||||||| | ||
| 008 | 120516s2001 enk fo| 001|0|eng|d | ||
| 020 |
_a9781446219447 (ebook) : _cNo price |
||
| 040 |
_aStDuBDS _beng _cStDuBDS _epn |
||
| 049 | _aAlfaisal Main Library | ||
| 050 | 0 |
_aQ183.4.G7 _bD66 2001 |
|
| 082 | 0 | 4 |
_a507.1241 _223 |
| 100 | 1 | _aDonnelly, J. F. | |
| 245 | 1 | 0 |
_aScience education _h[electronic resource] : _bpolicy, professionalism, and change / _cJ.F. Donnelly and E.W. Jenkins. |
| 260 |
_aLondon : _bPaul Chapman, _c2001. |
||
| 300 | _a1 online resource (vii, 192 p.) | ||
| 520 | 8 | _aDonnelly and Jenkins consider who wants to change school science education and why within the context of shifts in government policy towards teacher education, curriculum development and science education. | |
| 521 | _aSpecialized. | ||
| 588 | _aDescription based on print version record. | ||
| 504 | _aIncludes bibliographical references and index. | ||
| 650 | 0 |
_aScience _xStudy and teaching (Secondary) _zGreat Britain. |
|
| 655 | 7 |
_aElectronic books. _2local |
|
| 700 | 1 |
_aJenkins, E. W. _q(Edgar William) |
|
| 710 | 2 | _aSage eBooks | |
| 776 | 0 | 8 |
_iPrint version : _z9780761964445 |
| 856 | 4 | 0 | _uhttp://ezproxy.alfaisal.edu/login?url=http://sk.sagepub.com/books/science-education |
| 942 |
_2lcc _cEBOOKS |
||
| 999 |
_c481175 _d481175 |
||